000 00929nam a22002537a 4500
008 131125b xxu||||| |||| 00| 0 alb d
020 _a9951495001
041 _aalb
_aeng
080 _a342.15
_x(496.51)
_x(091)
100 1 _aRrecaj, Besfort T.
_d1980-
245 1 0 _aE Drejta e Kosovës për vetëvendosje dhe shtetësi :
_cBesfort T. Rrecaj.
246 1 3 _aKosova's right to self-determination and statehood
260 _aPrishtinë :
_b[Kolegji universitar "Victory"],
_c2006.
300 _a100, 92 f. :
_bhartat ;
_c23 cm.
500 _aNë anën e kundërt të librit titulli dhe teksti krahasues në gjuhën angleze
500 _aParathënie : f. 11
505 _aLiteratura : f. 83-90
505 _aBiografia e autorit : f.99
650 0 _aVetëvendosja kombëtare
650 0 _aÇështja nacionale
_zKosova
651 _xHistoria
_zKosova
651 _xÇështja nacionale
942 _2udc
_cBK
999 _c343
_d343